Nazioni che contengono la lettera H - Statistics

Statistiche generali
  • Questo quiz è stato fatto 138 volte
  • Il punteggio medio è 9 su 17
Statistiche sulle risposte
Numero di H Stato % Corretto
1 Honduras
82%
1 Haiti
80%
1 Afghanistan
64%
1 Turchia
61%
1 Slovacchia
59%
1 Kirghizistan
58%
1 Ungheria
56%
1 Liechtenstein
54%
1 Thailandia
53%
1 Ghana
52%
1 Bhutan
47%
1 Lesotho
46%
1 Bahamas
42%
1 Bahrein
42%
1 Seychelles
42%
1 Bangladesh
37%
1 Isole Marshall
32%
Nessun quiz corrispondente trovato
Distribuzione punteggi
Percentuale di utenti per punteggio
Percentile per numero di risposta
I tuoi punteggi nel tempo
Non hai fatto questo quiz